Model theory, algebra, and geometry (Record no. 51377)

MARC details
000 -LEADER
fixed length control field 00664nam a2200193 a 4500
008 - FIXED-LENGTH DATA ELEMENTS--GENERAL INFORMATION
fixed length control field 120416s2000 ||||||||||||||||| || u
020 ## - INTERNATIONAL STANDARD BOOK NUMBER
International Standard Book Number 0521780683
050 ## - LIBRARY OF CONGRESS CALL NUMBER
Classification number QA 9.7 Mod
100 ## - MAIN ENTRY--PERSONAL NAME
Personal name Haskell, Deirdre
245 10 - TITLE STATEMENT
Title Model theory, algebra, and geometry
Statement of responsibility, etc. edited Deidre Haskell
260 ## - PUBLICATION, DISTRIBUTION, ETC.
Place of publication, distribution, etc. Cambridge
Name of publisher, distributor, etc. Cambridge University Press
Date of publication, distribution, etc. 2000
300 ## - PHYSICAL DESCRIPTION
Extent vii, 227p : ill.
350 ## - PRICE (NR) (BK AM CF MU VM SE) [OBSOLETE]
Price 0.00
650 ## - SUBJECT ADDED ENTRY--TOPICAL TERM
Topical term or geographic name entry element MODEL THEORY
650 ## - SUBJECT ADDED ENTRY--TOPICAL TERM
Topical term or geographic name entry element Geometry
700 ## - ADDED ENTRY--PERSONAL NAME
Personal name Steinhorn, Charles
700 ## - ADDED ENTRY--PERSONAL NAME
Personal name Pillay, Anand
995 ## - RECOMMENDATION 995 [LOCAL, UNIMARC FRANCE]
-- 0.00
-- CBU-MAIN LIBRARY (Kitwe)
-- 1
-- 21.00
-- 1
-- AVAILABLE
-- Main Library Open Access Collection
Holdings
Withdrawn status Lost status Source of classification or shelving scheme Damaged status Not for loan Home library Current library Shelving location Date acquired Total Checkouts Full call number Barcode Date last seen Price effective from Koha item type
          CBU-MAIN LIBRARY, KITWE. CBU-MAIN LIBRARY, KITWE.   11/30/2022   QA 9.7 Mod 40368 11/30/2022 11/30/2022 MONOGRAPH